The political and organizational response to gangs: an examination of a moral panic in Nevada

Guardado en:  
Detalles Bibliográficos
Autores principales: McCorkle, Richard D. (Autor) ; Miethe, Terance D. 1953- (Autor)
Tipo de documento: Print Artículo
Lenguaje:Inglés
Publicado: 1998
En: Justice quarterly
Año: 1998, Volumen: 15, Número: 1, Páginas: 41-64
Verificar disponibilidad: HBZ Gateway
Palabras clave:

MARC

LEADER 00000caa a22000002c 4500
001 1640098402
003 DE-627
005 20220608131108.0
007 tu
008 160223s1998 xx ||||| 00| ||eng c
035 |a (DE-627)1640098402 
035 |a (DE-576)456051759 
035 |a (DE-599)BSZ456051759 
040 |a DE-627  |b ger  |c DE-627  |e rakwb 
041 |a eng 
100 1 |a McCorkle, Richard D.  |4 aut 
245 1 4 |a The political and organizational response to gangs: an examination of a moral panic in Nevada  |c Richard D. McCorkle, Terance D. Miethe 
264 1 |c 1998 
336 |a Text  |b txt  |2 rdacontent 
337 |a ohne Hilfsmittel zu benutzen  |b n  |2 rdamedia 
338 |a Band  |b nc  |2 rdacarrier 
700 1 |a Miethe, Terance D.  |d 1953-  |0 (DE-588)172826187  |0 (DE-627)697756106  |0 (DE-576)16628310X  |4 aut 
773 0 8 |i In  |t Justice quarterly  |d Abingdon, Oxfordshire : Routledge, 1984  |g 15(1998), 1, Seite 41-64  |w (DE-627)166984612  |w (DE-600)356637-7  |w (DE-576)015443914  |x 0741-8825  |7 nnas 
773 1 8 |g volume:15  |g year:1998  |g number:1  |g pages:41-64 
776 1 |o 10.1080/07418829800093631 
935 |a mkri 
951 |a AR 
ELC |b 1 
LOK |0 000 xxxxxcx a22 zn 4500 
LOK |0 001 3301415296 
LOK |0 003 DE-627 
LOK |0 004 1640098402 
LOK |0 005 20250401133109 
LOK |0 008 160208||||||||||||||||ger||||||| 
LOK |0 040   |a DE-21-110  |c DE-627  |d DE-21-110 
LOK |0 689   |a s  |a Gangs 
LOK |0 689   |a s  |a Gangkriminalität 
LOK |0 689   |a s  |a Moralpanik 
LOK |0 689   |a s  |a Gangberichterstattung 
LOK |0 689   |a g  |a USA 
LOK |0 689   |a s  |a Entwicklung 
LOK |0 689   |a s  |a Kriminalberichterstattung 
LOK |0 689   |a s  |a Jugendgangs 
LOK |0 852   |a DE-21-110 
LOK |0 852 1  |m p  |9 00 
LOK |0 935   |a k110 
LOK |0 938   |k p 
LOK |0 939   |a 08-02-16  |b l01 
ORI |a SA-MARC-krimdoka001.raw